| 000 | 01339cam a22003855i 4500 | ||
|---|---|---|---|
| 999 |
_c27830 _d27801 |
||
| 001 | 016155162 | ||
| 003 | EG-ScBUE | ||
| 005 | 20191204141238.0 | ||
| 008 | 120731t20132013njua f bd 001 0 eng d | ||
| 020 | _a9780132985321 (pbk.) | ||
| 020 | _a0132985322 (pbk.) | ||
| 035 | _a(IeDuTC)b150031786 | ||
| 040 |
_aStEdALDL _beng _erda _cStEdALDL _dIeDuTC _dUk _dEG-ScBUE |
||
| 082 | 0 | 4 |
_a401.93 _bGLE _222 |
| 100 | 1 |
_aGleason, Jean Berko, _eauthor. |
|
| 245 | 1 | 4 |
_aThe development of language / _cJean Berko Gleason, Boston University, Nan Bernstein Ratner, University of Maryland, College Park. |
| 250 | _aEighth edition. | ||
| 250 | _aInternational edition. | ||
| 264 | 1 |
_aUpper Saddle River, NJ. : _bPerson Education, _c[2013] |
|
| 264 | 4 | _cc2013 | |
| 300 |
_axxi, 433 pages : _billustrations ; _c26 cm |
||
| 336 |
_atext _btxt _2rdacontent |
||
| 337 |
_aunmediated _bn _2rdamedia |
||
| 338 |
_avolume _bnc _2rdacarrier |
||
| 500 | _aPrevious edition, 2008. | ||
| 500 | _aIncludes glossary. | ||
| 504 | _aIncludes bibliographical references and index. | ||
| 650 | 7 |
_aLanguage acquisition. _2BUEsh _931982 |
|
| 650 | 7 |
_aPsycholinguistics. _2BUEsh _98626 |
|
| 650 | 7 |
_aSociolinguistics. _2BUEsh _939810 |
|
| 653 |
_bHHUUEENN _cNovember2019 |
||
| 655 | _vReading book | ||
| 700 | 1 |
_aRatner, Nan Bernstein, _eauthor. |
|
| 942 |
_2ddc _cBB |
||